[Event "GER-ch Net Amateur Gr-A Vor3"]
[Site "Playchess.com INT"]
[Date "2020.04.16"]
[Round "7"]
[White "Flach, Erich"]
[Black "Foerster, Erik"]
[Result "1/2-1/2"]
[WhiteElo "2030"]
[BlackElo "2096"]
[PlyCount "97"]
[EventDate "2020.04.16"]
[EventType "swiss (blitz)"]
[EventRounds "9"]
[EventCountry "GER"]
[SourceTitle "CBM 195 Extra"]
[Source "ChessBase"]
[SourceDate "2020.05.31"]
[SourceVersion "1"]
[SourceVersionDate "2020.05.31"]
[SourceQuality "1"]

1. c4 c5 2. g3 Nc6 3. Bg2 e5 4. Nc3 g6 5. Nf3 Bg7 6. 0-0 d6 7. a3 Be6 8. d3 h6 9. Ne1 Nge7 10. Nc2 d5 11. cxd5 Nxd5 12. Ne3 Nde7 13. Ne4 b6 14. b4 cxb4 15. axb4 f5 16. Nc3 e4 17. Bb2 exd3 18. Qa4 Rc8 19. Rfd1 d2 20. Nf1 0-0 21. Rxd2 Qe8 22. Ne3 Qf7 23. Ncd5 Bxb2 24. Nxe7+ Nxe7 25. Rxb2 Rc7 26. Rd2 Rfc8 27. Rad1 Bb3 28. Rd8+ Kh7 29. Qa1 Rxd8 30. Rxd8 Qg7 31. Qxg7+ Kxg7 32. Bf3 a5 33. bxa5 bxa5 34. Ra8 a4 35. Kg2 g5 36. h3 Kg6 37. Ra6+ Kg7 38. Ba8 f4 39. gxf4 gxf4 40. Ng4 Nd5 41. Ne5 Nb4 42. Ra5 Nc2 43. Kf3 Nd4+ 44. Kxf4 Nxe2+ 45. Kg4 Nc3 46. Ra6 Bd1+ 47. Kf4 Bc2 48. Bf3 Bd1 49. Bxd1 1/2-1/2